000 02477nam2a2200385 4500
001 RU\NLR\BIBL_A\011958933
005 20190402153856.0
010 _a978-5-00128-021-7
_9400
021 _aRU
_bКН-П-19-008406
_9КН-П-19-0624
035 _a(NLR Aleph) 011958933
035 _a(RuMoRGB)009887935
090 _a11192427
_c11192427
100 _a20190313d2018 k y0rusy50 ca
101 0 _arus
_deng
102 _aRU
105 _ay|||z|||101zy
200 1 _aСистематика высших растений
_aФлористика и география растений
_aОхрана растительного мира
_aПалеоботаника
_aБотаническое образование
210 _d2018
215 _a383 с.
300 _aРез. англ.
320 _aБиблиогр. в конце докл.
320 _aАлф. указ. авт.: с. 373-377
461 0 _1001RU\NLR\BIBL_A\011958927
_12001#$aБотаника в современном мире$eтруды XIV Съезда русского ботанического общества и конференции "Ботаника в современном мире" [г. Махачкала, 18-23 июня 2018 г.]$fРусское ботаническое общество [и др.]$g[ответственный редактор: проф. А.Л. Буданцев]$vТ. 1
_911192386
_cМахачкала
_d2018
_fРусское ботаническое общество [и др.]
_nАЛЕФ
_oтруды XIV Съезда русского ботанического общества и конференции "Ботаника в современном мире" [г. Махачкала, 18-23 июня 2018 г.]
_tБотаника в современном мире
_vТ. 1
606 1 _aВысшие растения
_jСъезды, совещания и т.п
_92578738
_3RU\NLR\AUTH\661524569
606 1 _aРастения
_jСъезды, совещания и т.п
_xОхрана
_91586030
_3RU\NLR\AUTH\66995480
606 1 _aПалеоботаника
_jСъезды, совещания и т.п
_91200443
_3RU\NLR\AUTH\66167731
606 1 _aБотаническое образование
_jСъезды, совещания и т.п
_92344079
_3RU\NLR\AUTH\661400916
686 1 _aЕ592я431(2)
686 1 _aЕ588я431(2)
686 1 _aЕ15я431(2)
686 1 _aЧ458.5я431
942 _cBOOK
980 _aNB